1472 1848 1460 1092 1498 1389 1860 1841 1060 1300 1485 1238 1978 1796 1458 1330 1973 1472 1069 1531 1455 1803 1667 1730 1864 1398 1204 1562 1844 1199 1126 1231 1707 1532 1268 1344 1983 1036 1789 1377 1797 1000 1412 1181 1921 1557 1910 1146 1492 1393 1742 1483 1884 1374 1286 1325 1527 1082 1888 1193 1646 1856 1539 1172 1681 1791 1303 1147 1793 1860 1273 1161 1510 1739 1508 1206 1683 1709 1064 1252 1447 1169 1316 1938 1838 1187 1981 1912 1593 1889 1582 1254 1157 1486 1845 1968 1781 1042 1453 BCNSPRNW ULIB Ver.6.0+V

เปลี่ยนเป็นภาษาไทย

Change to English
 แสดงรายละเอียดบรรณานุกรม
  กลับหน้าหลัก

Brief Record : Get Marc (ISO 2709) : E-mail record : QR code < ปิดหน้าต่าง
LEADER : 00000nam 2200000uu 4500
001    13399114011
003     ULIB
008    120125s2543||||th 000 0 tha d
020    ^a9745893471
060 04 ^aWA108^bส867ก 2543
100 0  ^aสุรีย์ จันทรโมลี
245 10 ^aกลวิธีทางสุขภาพ =^bHealth strategy /^cสุรีย์ จันทรโมลี
246 31 ^aHealth strategy
250    ^aพิมพ์ครั้งที่ 3
260    ^aม.ป.ท. :^bภาควิชาสุขศึกษาและพฤติกรรมศาสตร์มหาวิทยาลัยมหิดล,^c2543
300    ^a160 หน้า ;^c29 ซม.
650  7 ^aพฤติกรรมสุขภาพ
650  7 ^aสุขศึกษา
650  7 ^aการสัมภาษณ์
945    ^p0^l0^i8783
995    ^aกัณชพร
999    ^aใช้งานได้ทุกระบบ
รายการนี้ยังไม่มีแท็ก
คุณยังไม่ได้ล็อกอิน คุณสามารถมีกิจกรรมร่วมกับเว็บไซต์ได้ แต่ต้องล็อกอินก่อน ::
  ล็อกอิน

รายการสื่อสารสนเทศ

ลำดับที่ ประเภท เลขเรียก/บาร์โค้ด สถานที่ สถานะ
- ไม่พบข้อมูล -

รายการใกล้เคียง
    ผู้แต่ง [สุรีย์ จันทรโมลี]

    หัวเรื่อง [พฤติกรรมสุขภาพ]
    หัวเรื่อง [สุขศึกษา]
    หัวเรื่อง [การสัมภาษณ์]

BibComment


ยังไม่เคยถูกคอมเมนท์

คอมเมนท์ทรัพยากรรายการนี้
  คอมเมนท์: กลวิธีทางสุขภาพ ..


 Copyright 2026. Bcnsprnw @Library